| 000 | 00636nam a2200181Ia 4500 | ||
|---|---|---|---|
| 008 | 100920s9999 xx 000 0 und d | ||
| 082 |
_b32323 _a410 थ 76 |
||
| 100 | _aकुलकर्णी व.दि. | ||
| 245 | _aसाहित्य : रूप आणि गंध. | ||
| 260 |
_bमॅजेस्टिक प्रकाशन, मुंबई. _c1976 |
||
| 300 |
_a148 _bसाधी |
||
| 365 | _b12.5 | ||
| 520 | _aभाषा. | ||
| 630 | _aसाहित्य : रूप आणि गंध. | ||
| 650 | _aभाषा. | ||
| 730 | _aसाहित्य : रूप आणि गंध. | ||
| 942 | _cBOOK | ||
| 999 |
_c687303 _d687300 |
||